000 01031nmm a2200301 a 4500
001 ocm0002146019
003 TR-IsHL
005 20201028182826.0
008 190209s2016 tu tur
007 cr cn
020 _a9786053272724
035 _a2146019
_b(N$T)
050 0 4 _aHC492
_b.K37 2016
090 0 4 _aHC492
_b.K37 2016
100 1 _aKaraca, Coşkun
245 1 0 _aTürkiye'nin güncel ekonomik-mali sorunları ve politikaları
_h[electronic resource] /
_cCoşkun Karaca
260 _aBursa :
_bEkin Basım Yayın Dağıtım,
_c2016
300 _a342 p.
500 _aKaynakça var.
650 4 _aEkonomi ve Finans
650 4 _aEconomics and Finance
650 0 _aTürkiye
_x Ekonomik koşullar
650 0 _aTurkey
_x Economic conditions
650 0 _aTürkiye
_x Ekonomi politikası
650 0 _aTurkey
_x Economic policy
650 7 _aBUSINESS & ECONOMICS / Economic Conditions
_2bisacsh
856 4 0 _uhttp://search.ebscohost.com/login.aspx?direct=true&scope=site&db=e011xww&AN=2146019
999 _c20249
_d20249